000 00263nam a2200109Ia 4500
008 190216s9999||||xx |||||||||||||| ||und||
100 _aLorles Baker
245 0 _aSelected Poetry And Prose Sluvency
260 _bModern Liberary
650 _aEnglish
942 _cBK
999 _c12382
_d12382